| 000 -LEADER |
| fixed length control field |
02818cam a2200409 a 4500 |
| 001 - CONTROL NUMBER |
| control field |
6238305 |
| 003 - CONTROL NUMBER IDENTIFIER |
| control field |
OSt |
| 005 - DATE AND TIME OF LATEST TRANSACTION |
| control field |
20211221152304.0 |
| 008 - FIXED-LENGTH DATA ELEMENTS--GENERAL INFORMATION |
| fixed length control field |
070221s2007 nyua 001 0 eng |
| 010 ## - LIBRARY OF CONGRESS CONTROL NUMBER |
| LC control number |
2007007213 |
| 020 ## - INTERNATIONAL STANDARD BOOK NUMBER |
| International Standard Book Number |
0071486607 (alk. paper) |
| 029 1# - OTHER SYSTEM CONTROL NUMBER (OCLC) |
| OCLC library identifier |
YDXCP |
| System control number |
2473467 |
| 035 ## - SYSTEM CONTROL NUMBER |
| System control number |
(OCoLC)ocm85018933 |
| 035 ## - SYSTEM CONTROL NUMBER |
| System control number |
(OCoLC)85018933 |
| Canceled/invalid control number |
(OCoLC)72470683 |
| 035 ## - SYSTEM CONTROL NUMBER |
| System control number |
(NNC)6238305 |
| 038 ## - RECORD CONTENT LICENSOR |
| Staff Name |
Khadija |
| 040 ## - CATALOGING SOURCE |
| Original cataloging agency |
DLC |
| Transcribing agency |
DLC |
| Modifying agency |
YDXCP |
| -- |
BAKER |
| -- |
BTCTA |
| -- |
C#P |
| -- |
OrLoB-B |
| 050 00 - LIBRARY OF CONGRESS CALL NUMBER |
| Classification number |
TH438.4 |
| Item number |
.W65 2007 |
| 082 00 - DEWEY DECIMAL CLASSIFICATION NUMBER |
| Classification number |
690.0684 |
| Edition number |
22 |
| Author Mark |
WOO |
| 100 1# - MAIN ENTRY--PERSONAL NAME |
| Personal name |
Woolf, Murray B. |
| 9 (RLIN) |
86877 |
| 245 10 - TITLE STATEMENT |
| Title |
Faster Construction Projects with CPM Scheduling / |
| Statement of responsibility, etc. |
Murray B. Woolf. |
| 260 ## - PUBLICATION, DISTRIBUTION, ETC. |
| Place of publication, distribution, etc. |
New York : |
| Name of publisher, distributor, etc. |
McGraw Hill, |
| Date of publication, distribution, etc. |
c2007. |
| 300 ## - PHYSICAL DESCRIPTION |
| Extent |
xliii, 412 p. : |
| Other physical details |
ill. ; |
| Dimensions |
25 cm. |
| 500 ## - GENERAL NOTE |
| General note |
Includes index. |
| 505 00 - FORMATTED CONTENTS NOTE |
| Miscellaneous information |
1. |
| Title |
The allure of the project schedule -- |
| Miscellaneous information |
2. |
| Title |
Understanding the scheduling theater -- |
| Miscellaneous information |
3. |
| Title |
Why our schedules disappoint our customers -- |
| Miscellaneous information |
4. |
| Title |
The changing style of project management -- |
| Miscellaneous information |
5. |
| Title |
The new scheduling practice paradigm : specializations, positions, deliverables, and roles -- |
| Miscellaneous information |
6. |
| Title |
Introduction to dilemma control -- |
| Miscellaneous information |
7. |
| Title |
Introduction to momentology -- |
| Miscellaneous information |
8. |
| Title |
Recap of new concepts and terminology -- |
| Miscellaneous information |
9. |
| Title |
Scheduling practice and faster projects -- |
| Miscellaneous information |
10. |
| Title |
Anatomy of a schedule -- |
| Miscellaneous information |
11. |
| Title |
Working at cross-purposes -- |
| Miscellaneous information |
12. |
| Title |
Concerning schedule design -- |
| Miscellaneous information |
13. |
| Title |
Concerning schedule development -- |
| Miscellaneous information |
14. |
| Title |
Schedule components -- |
| Miscellaneous information |
15. |
| Title |
Performance recording -- |
| Miscellaneous information |
16. |
| Title |
Performance control -- |
| Miscellaneous information |
17. |
| Title |
Creating schedules they'll actually want to use! |
| 520 1# - SUMMARY, ETC. |
| Summary, etc. |
"Faster Construction Projects with CPM Scheduling is a comprehensive review that gives you insight into the latest innovations in network-based project planning, scheduling, and control ... saving you time and money on all construction projects." "You'll find a full explanation of the new Scheduling Practice Paradigm, translated into tangible steps you can use to create powerful project schedules designed to boost productivity on any job. Completely compatible with the Collaborative Project Management Model, the new Scheduling Practice Paradigm provides commitment planning, execution scheduling, and comprehensive performance control."--BOOK JACKET. |
| 563 ## - BINDING INFORMATION |
| Binding note |
HB |
| 650 #0 - SUBJECT ADDED ENTRY--TOPICAL TERM |
| Topical term or geographic name entry element |
Building |
| General subdivision |
Superintendence. |
| 9 (RLIN) |
86878 |
| 650 #0 - SUBJECT ADDED ENTRY--TOPICAL TERM |
| Topical term or geographic name entry element |
Production scheduling. |
| 9 (RLIN) |
86879 |
| 650 #0 - SUBJECT ADDED ENTRY--TOPICAL TERM |
| Topical term or geographic name entry element |
Critical path analysis. |
| 9 (RLIN) |
86880 |
| 856 42 - ELECTRONIC LOCATION AND ACCESS |
| Materials specified |
Contributor biographical information |
| Uniform Resource Identifier |
<a href="http://www.loc.gov/catdir/enhancements/fy0708/2007007213-b.html">http://www.loc.gov/catdir/enhancements/fy0708/2007007213-b.html</a> |
| 856 42 - ELECTRONIC LOCATION AND ACCESS |
| Materials specified |
Publisher description |
| Uniform Resource Identifier |
<a href="http://www.loc.gov/catdir/enhancements/fy0708/2007007213-d.html">http://www.loc.gov/catdir/enhancements/fy0708/2007007213-d.html</a> |
| 856 41 - ELECTRONIC LOCATION AND ACCESS |
| Materials specified |
Table of contents only |
| Uniform Resource Identifier |
<a href="http://www.loc.gov/catdir/enhancements/fy0708/2007007213-t.html">http://www.loc.gov/catdir/enhancements/fy0708/2007007213-t.html</a> |
| 900 ## - EQUIVALENCE OR CROSS-REFERENCE-PERSONAL NAME [LOCAL, CANADA] |
| Numeration |
TOC |
| 942 ## - ADDED ENTRY ELEMENTS (KOHA) |
| Source of classification or shelving scheme |
|
| Koha item type |
Book |
| 948 1# - LOCAL PROCESSING INFORMATION (OCLC); SERIES PART DESIGNATOR (RLIN) |
| Series part designator, SPT (RLIN) |
20070822 |
| b (OCLC) |
c |
| c (OCLC) |
fra1 |
| d (OCLC) |
SCMC |